000 00727nam a2200229Ia 4500
003 GCL
008 140319s9999 xx 000 0 ara d
040 _aGCL /
_cGCL
082 0 4 _a823.03
_bل م
100 1 _aنظمى لوقا
245 1 0 _aالمفتون /
_cنظمى لوقا
700 1 _aكارتلاند، بربارا
260 _a[S.N] :
_bالمؤسسة العربية الحديثة
300 _a176 ص
490 _aكتابى
_v0
650 0 4 _aالقصص الاجتماعية
650 0 4 _aالقصص الانجليزية المترجمة
650 0 4 _aالادب المترجم
650 0 4 _aالادب الانجليزى
650 0 4 _aالادب الانجليزى المترجم
942 _2ddc
_cBK
999 _c37491
_d37491